| 000 | 01032nam a2200277Ia 4500 | ||
|---|---|---|---|
| 001 | 2164 | ||
| 008 | 230305s2013 xx 000 0 und d | ||
| 020 | _a5027626409043 | ||
| 043 | _aen_UK | ||
| 041 | _aeng | ||
| 245 | 0 | _aFire in the blood | |
| 260 |
_a _bNetwork, _c2013 |
||
| 300 | _a1 disco DVD | ||
| 520 | _aA finales de 1990 y principios de 2000, los gobiernos occidentales y las empresas farmacéuticas impidieron que los medicamentos antirretrovirales de bajo costo llegaran a los enfermos de SIDA de África, causando 10 millones o más de muertes innecesarias. Un grupo de personas decidió luchar para defenderse. | ||
| 590 | _bIdiomas disponibles: Inglés | ||
| 650 | 0 |
_aFeature films _926078 |
|
| 700 |
_aGray, Dylan M, _eAuthor _921822 |
||
| 856 | _uhttps://www.imdb.com/title/tt1787067/?ref_=fn_al_tt_1 | ||
| 902 | _a178 | ||
| 905 | _am | ||
| 911 | _ahttps://biblioteca.tbs-education.es/portadas/5027626409043.jpg | ||
| 912 | _a2013-01-01 | ||
| 942 | _a1 | ||
| 953 | _d2018-05-03 15:42:11 | ||
| 999 |
_c2104 _d2104 |
||